Statistics for Geography of South Korea

Click here to take the quiz!

General Stats

  • This quiz has been taken 430 times
    (366 since last reset)
  • The average score is 11 of 20

Answer Stats

QuestionAnswer% Correct
What is the capital of South Korea?Seoul
100%
Name one of the three most common family names in South Korea.Kim | Lee | Park
85%
What sea is called the "East Sea" in South Korea?Sea of Japan
82%
What district of the capital did PSY rap about in 2012?Gangnam
81%
What strip of land divides South Korea and North Korea?{Demilitarized} Zone
80%
What city has the busiest container port in East Asia outside China?Busan
78%
What sea is located between South Korea and China?Yellow Sea
69%
What is the biggest and most populous island of South Korea?Jeju
65%
On what river is the above located?Han River
62%
What city is home to the busiest airport in South Korea?Incheon
62%
What is the national sport of South Korea?Taekwondo
55%
What sea do you have to cross before reaching to Taiwan from South Korea?East China Sea
50%
What is the third-most populous urban area of South Korea?Daegu
46%
What is the name of the alphabet used in the Korean language?Hangul
46%
What South Korean county was the 2018 Winter Olympics host?Pyeongchang
44%
What is the name of the strait that separates South Korea from Japan?{Korea} Strait
35%
What province almost entirely surrounds the capital?Gyeonggi
23%
What city, starting with S, is that province's capital?Suwon
22%
What mountain in that island contains the highest peak in South Korea?{Halla}san
20%
What is the most famous shopping area in the South Korean capital?{Myeong}-dong
16%

Score Distribution

Percentile by Number Answered

Percent of People with Each Score

Your Score History

You have not taken this quiz since the last reset